| 000 | 00560nmm a2200169Ia 4500 | ||
|---|---|---|---|
| 008 | 251105s9999||||xx |||||||||||||||||und|| | ||
| 020 | _a9788437088884 | ||
| 041 | _aspa | ||
| 100 | _aOrtiz, Alberto | ||
| 245 | 0 |
_aDiablo novohispano : _b Discursos contra la superstición y la idiolatría en el Nuevo Mundo |
|
| 264 |
_a[Madrid, España] : _bPublicaciones de la Universidad de Valencia (PUV), _c2012 |
||
| 300 | _a176 páginas | ||
| 490 | _aParnaso | ||
| 650 | _aCultural Studies | ||
| 856 | _uhttps://public.digitaliapublishing.com/a/34905 | ||
| 942 | _cCF | ||
| 999 |
_c82582 _d82582 |
||